Estadística con aplicaciones a las ciencias sociales y a la educación / Wayne W. Daniel, Jesus Vilamizar. tr. (Registro nro. 21253)
[ vista simple ]
| 000 -LÍDER | |
|---|---|
| fixed length control field | 00555nam a2200157 4500 |
| 008 - ELEMENTOS DE LONGITUD FIJA -- INFORMACIÓN GENERAL | |
| fixed length control field | 01999 1998 0a 000 0MEX |
| 020 ## - NÚMERO INTERNACIONAL NORMALIZADO PARA LIBROS | |
| ISBN | 968-451-008-X |
| 050 ## - SIGNATURA TOPOGRAFICA DE LA BIBLIOTECA DEL CONGRESO (LC) | |
| Número de Clasificación | QA276 D318 1988 |
| 082 ## - NUMERO DE CLASIFICACION DECIMAL DEWEY | |
| Número de Clasificación | 519.5 D327e |
| 100 ## - ASIENTO PRINCIPAL--NOMBRE PERSONAL | |
| Nombre personal | Daniel, Wayne W. |
| 245 ## - TÍTULO | |
| Título | Estadística con aplicaciones a las ciencias sociales y a la educación / Wayne W. Daniel, Jesus Vilamizar. tr. |
| 260 ## - PUBLICACIÓN, DISTRIBUCIÓN, ETC. (PIE DE IMPRENTA) | |
| Lugar de publicación, distribución, etc. | México : McGraw Hill |
| 300 ## - DESCRIPCIÓN FÍSICA | |
| Extensión | 504 p. / 24 cm |
| 650 ## - ASIENTO SECUNDARIO DE MATERIA - TERMINO TEMÁTICO | |
| Término temático o nombre geográfico como elemento de entrada | 1. ESTADISTICA MATEMATICA 2. ESTADISTICA -- CIENCIAS SOCIALES |
| 700 ## - ASIENTO SECUNDARIO - NOMBRE PERSONAL | |
| Nombre personal | I. Villamizar, Jesus. tr. |
| No. biblioteca | No. biblioteca | Número de clasificación | Código de barras/Número de adquisición | Número de copia | Tipo de material |
|---|---|---|---|---|---|
| LUIS G. INCLAN | LUIS G. INCLAN | 519.5 D327e | 20534 | 1 | Libros |
| LUIS G. INCLAN | LUIS G. INCLAN | 519.5 D327e | 20535 | 2 | Libros |
